[Event "London Classic 8th"]
[Site "London"]
[Date "2016.12.09"]
[Round "1"]
[White "Nakamura, Hikaru"]
[Black "So, Wesley"]
[Result "0-1"]
[WhiteElo "2779"]
[BlackElo "2794"]
[Annotator "Marin,M"]
[PlyCount "58"]
[EventDate "2016.12.09"]
[EventType "tourn"]
[EventRounds "9"]
[EventCountry "ENG"]
[EventCategory "22"]
[SourceTitle "CBM 176"]
[Source "ChessBase"]
[SourceDate "2017.01.17"]
[SourceVersion "1"]
[SourceVersionDate "2017.01.17"]
[SourceQuality "1"]

1. d4 Nf6 2. c4 g6 3. Nc3 d5 4. cxd5 Nxd5 5. e4 Nxc3 6. bxc3 Bg7 7. Be3 c5 8.
Rc1 O-O 9. Qd2 {A super-refined move order, delaying the knight's development
in order to avoid ...Bg4 and overprotect c3 as soon as possible.} e5 {The
logical reaction in the absence of a knight on f3.} ({The typical} 9... Qa5 {
is entirely playable, of course.} 10. d5 ({In fact,} 10. Nf3 {transposing to
the main lines, may be more consistent.}) 10... e6 11. c4 Qxd2+ 12. Kxd2 {
White has managed to maintain the integrity of his centre, but with the king
in the centre and incomplete development he will soon be subject to
counterattacking moves such as ...b7-b5 and ...f7-f5. Here is just one recent
example.} b6 13. Bd3 Nd7 14. Nf3 Bb7 15. Kc2 Rae8 16. Rhe1 b5 17. Rb1 (17. cxb5
exd5 18. exd5 Bxd5 19. Kb1 Rc8 $5 $36) 17... b4 {1/2-1/2 Ladva,O (2453)
-Naroditsky,D (2646) Riga 2016}) 10. d5 {The most principled answer.} ({
The ultra-cautious} 10. Nf3 {does not yield much.} cxd4 11. cxd4 exd4 12. Nxd4
Bd7 13. Bc4 Nc6 14. Nf3 Bg4 {1/2-1/2 (69) Giri,A (2793)-Caruana,F (2808) Saint
Louis 2015}) (10. dxe5 {leaves White with a weak queenside while the kingside
majority is not easy to promote.} Qxd2+ 11. Kxd2 (11. Bxd2 Bxe5 12. Nf3 Bg7 13.
Bc4 Nd7 14. O-O Nb6 15. Bb3 Be6 {Black could also prepare the exchange of
bishops with ...Re8.} 16. Be3 Rac8 17. Nd2 Rfd8 18. Bxe6 fxe6 $15 {Giri,A 
(2734)-Vachier Lagrave,M (2745) Beijing 2013 (0-1, 39), White's weaknesses
proved more relevant than Black's.}) 11... Rd8+ ({If} 11... b6 12. Bc4 Bb7 {
as in Babula,V (2569)-Anand,V (2788) Hungary 2009 (0-1, 39) White could have
posed some problems with} 13. e6 $5) 12. Kc2 Bd7 $1 ({More active than} 12...
b6 13. Bc4 Bb7 14. f3 Bxe5 15. Nh3 Nc6 16. Ng5 Rf8 17. Rcd1 Na5 18. Bd5 Bxd5
19. Rxd5 Bf6 20. Rhd1 Rae8 21. Bf4 Nc4 22. Rd7 {Dokhoian,Y (2540)-Svidler,P 
(2480) Copenhagen 1991 (1-0 ,43), with some slight pressure.}) 13. f4 ({
If White plays in similar fashion to the aforementioned game} 13. Bc4 Bc6 14.
f3 {Black has} b5 15. Be2 Bxe5 $15 16. Bxc5 $6 b4 $3 17. Bxb4 Ba4+ 18. Kb2 Nc6
$36) ({Immediate pawn grabbing is also dangerous:} 13. Bxc5 Bc6 14. f3 $6 Ba4+
15. Kb2 Bh6 16. Re1 Rd2+ 17. Ka3 b5 $40) 13... Bc6 14. Nf3 (14. Bd3 $2 Ba4+ 15.
Kd2 c4) 14... Bxe4+ 15. Kb2 Nd7 16. Bc4 Nb6 17. Bb3 Nd5 18. Rhe1 Bxf3 19. gxf3
Nxe3 20. Rxe3 b5 $15 {Svidler,P (2759)-Vachier Lagrave,M (2798) Biel 2016 (0-1,
46)}) (10. dxc5 {has never beenj tested but it does not look appealing.} Qxd2+
11. Kxd2 Be6 12. Nf3 h6 {[%cal Gb8d7,Gf8c8]} 13. Rb1 f5 14. Kc2 f4 15. Bc1 Nd7
16. Ba3 Rfc8 17. Rxb7 Nxc5 18. Bxc5 Rxc5 $36 {[%cal Ga8c8]}) 10... Nd7 {
If White manages to consolidate and complete his development he will be better.
Therefore Black should act quickly.} (10... Qd6 {looks solid but offers White
a valuable tempo.} 11. Nf3 ({Actually the best way to proceed seems to be} 11.
Bd3 f5 12. f3 Nd7 {Ulko,J (2422)-Yeletsky,I (2200) Kazan 2014 (1/2-1/2, 40)}
13. Ne2 $14) 11... f5 12. Qc2 Nd7 13. Nd2 $6 Nb6 ({Missing his chance with} 
13... f4 $1 14. Nc4 Qf6 15. Bd2 b5 16. Na5 c4 $15 {Black has achieved major
progress on both wings and White has not enough development to question his
queenside stability, for instance:} 17. Rb1 a6 18. a4 Nc5 19. axb5 Nxe4 $1) 14.
f3 Bd7 15. Be2 f4 16. Bf2 g5 17. h4 h6 18. hxg5 hxg5 19. g4 Rac8 20. Rb1 $16 {
Wang,H (2710)-Radjabov,T (2734) Beijing 2014 (½-½, 45), White is better on
practically all sectors of the board.}) 11. c4 f5 12. Bg5 {The only way to try
to maintain the stability.} (12. f3 $2 fxe4 13. fxe4 Qh4+) 12... Nf6 13. Ne2 $2
{A curious blunder at such an early stage.} ({The better} 13. Bd3 {would
transpose to a previous game where the strategic plot was still very much
alive.} fxe4 14. Bc2 {Black has won a pawn but needs to play accurately in
order to avoid Ne2-g3/c3 y Nxe4 with a strategic advantage.} e3 $5 $146 {
Probably the best.} (14... b5 {doesn't seem to shatter White's stability:} 15.
Ne2 bxc4 16. Nc3 $14) (14... Bf5 {is also a bit slow} 15. Ne2 h6 16. Be3 Ng4 {
Stupak,K (2562)-Laylo,D (2451) Subic Bay 2016 (1-0, 56)} 17. Nc3 $14 {[%cal
Gc3e4]}) 15. Bxe3 (15. fxe3 {removes any strategic risk for Black} b6 $5 {
[%cal Gc8a6] Preventing Ne2-c3 in view of the threat ...Ba6.} 16. e4 h6 17.
Bxh6 $2 Nxe4 18. Bxe4 Qh4+ $19) 15... Ng4 ({The more restrained} 15... b6 {
is also possible.} 16. Ne2 Ba6 17. Bb1 Ne8 18. Ng3 Nd6 19. Qd3 Bc8 $5 {[%cal
Gc8f5,Ge5e4]}) 16. Bg5 (16. Bxc5 $2 Bh6) (16. Ne2 Qh4 17. g3 Qh5 $36) (16. Be4
Rxf2 $5 17. Bxf2 Bh6 18. Qc3 Bxc1 $13 19. Qxc1 $2 Nxf2 20. Kxf2 Qh4+ {[%csl
Ge4]} 21. Ke3 $6 Qf4+ 22. Kd3 Qxc1) 16... Bf6 17. Bxf6 Qxf6 {After the
exchange of bishops Black has no strategic problems at all. He also maintains
something of a lead in development.} 18. f3 (18. Nh3 e4 $5 19. Bxe4 Qe5 20. f3
Bf5 21. Qc3 Qxc3+ 22. Rxc3 Bxe4 23. fxe4 Rae8 $11 {Black will retrieve the
pawn with a probable draw.}) 18... Qh4+ 19. g3 Qh6 $13 20. fxg4 $2 Rf1+ $1 21.
Ke2 Rf2+) (13. exf5 {is not really a solution to the central tension.} h6 $5 ({
There is nothing wrong with the neutral} 13... Bxf5 {, of course.}) 14. Bxf6 {
A forced concession.} (14. Bh4 $2 g5 15. Bg3 Ne4 16. Qe3 Qa5+ 17. Kd1 Bxf5 $19)
(14. Be3 Ne4 15. Qc2 Qa5+ 16. Bd2 Qxd2+ 17. Qxd2 Nxd2 18. Kxd2 Bxf5 19. Ne2 e4
$17 {[%cal Gg7d4]}) 14... Bxf6 {[%cal Gf6g5]} 15. h4 Bxf5 $15 16. Qxh6 Rf7 $1 {
Black retrieves with great play the h4-pawn since} 17. g3 $2 {leads to trouble:
} g5 {[%cal Gd8a5]} 18. hxg5 Rh7 {[%csl Gh1]}) (13. f3 $2 fxe4 14. fxe4 (14.
Bxf6 Qxf6 $19 {[%csl Gf1]}) 14... Nxe4 15. Bxd8 Nxd2 {is even worse than in
the game as the f1-bishop is hanging.}) 13... Nxe4 14. Bxd8 Nxd2 15. Be7 Rf7
16. Bxc5 Nxf1 17. Rxf1 {The knight has been jumping around a lot to be
exchanged for a undeveloped bishop. But this did not improve White's
development, as his rook is doing little on f1 and the king is stuck in the
centre.} b6 18. Bb4 $17 {/-+ As a result of the forced operation which he
allowed, Black has two bishops, better development, the more flexible
structure and a clear target on c4. The knight is on a very bad path, not
being able to create threats or defend c4 in any way.} Ba6 19. f4 Rc8 20. fxe5
Bxe5 21. Rf3 Bxc4 (21... Rxc4 {looks slightly more natural, avoiding the pin,
but the game move is also all right.}) 22. Re3 Bg7 23. Nf4 {White has finally
managed to get "perfectly coordinated" but has lost a vital pawn on the way
and his d5-pawn is also doomed.} Rd7 24. a4 {Trying to ensure some breathing
space for the bishop on order to prepare d5-d6.} ({If} 24. d6 Bd4 25. Re2 (25.
Rh3 $2 {leaves the e-file undefended.} a5 26. Ba3 Re8+ 27. Kd1 b5 $19) 25... a5
26. Ba3 b5 27. Nd5 Kf7 28. Re7+ Rxe7+ 29. Nxe7 Re8 30. Rc2 Bb6 {[%cal Gf7e6,
Ge6d7,Gb5b4] would leave White in a precarious position.}) 24... Bh6 {The
simplest way to win the pawn and avoid any complications based on Ne6.} 25. g3
Bxf4 26. gxf4 Rxd5 {With two extra pawns, Black would even win many of the
endings resulting after general rook exchanges but for the time being White's
king is also a bit insecure.} 27. Re7 Rd4 28. Bd2 Kf8 29. Bb4 {This speeds up
the defeat.} ({The rook cannot quit the e-file:} 29. Rxa7 Re8+ 30. Kf2 (30. Kd1
Bb3+) 30... Re2+) ({Even after the relatively better} 29. Re5 {Black should
win without problems:} Re8 30. Rxe8+ Kxe8 31. Be3 Re4 32. Kd2 Kd7 {The maximum
White can do to get some hope would be exchanging rooks. But Black would not
remove the rook from e4 and the ending after Rxe4, ...fxe4 would offer him two
passed pawns with an easy win.}) 29... Re8 (29... Re8 30. Rxe8+ Kxe8 {wins the
f4-pawn for if} 31. Bd2 $2 Re4+ {wins even more material:} 32. Kf2 (32. Kd1
Bb3+) 32... Re2+) 0-1

[Event "PRO League Pacific"]
[Site "Chess.com INT"]
[Date "2017.01.11"]
[Round "1"]
[White "Arribas Lopez, Angel"]
[Black "So, Wesley"]
[Result "1/2-1/2"]
[WhiteElo "2511"]
[BlackElo "2808"]
[PlyCount "73"]
[EventDate "2017.01.11"]
[EventType "team-swiss (rapid)"]
[EventRounds "7"]
[EventCountry "USA"]
[SourceTitle "CBM 176 Extra"]
[Source "ChessBase"]
[SourceDate "2017.03.02"]
[SourceVersion "1"]
[SourceVersionDate "2017.03.02"]
[SourceQuality "1"]
[WhiteTeam "Dallas Destiny"]
[BlackTeam "St Louis Arch Bishops"]
[WhiteTeamCountry "USA"]
[BlackTeamCountry "USA"]

1. e4 c5 2. Nc3 d6 3. f4 g6 4. Nf3 Bg7 5. Bc4 Nc6 6. d3 e6 7. O-O Nge7 8. Qe1
O-O 9. f5 gxf5 10. Bb3 fxe4 11. Nxe4 d5 12. Ng3 Ng6 13. Nh5 f6 14. Nxg7 Kxg7
15. h4 Kh8 16. Bh6 Rg8 17. Qf2 b6 18. Ng5 Nge5 19. Qxf6+ Qxf6 20. Rxf6 Bd7 21.
Raf1 Rg6 22. Rxg6 hxg6 23. Ba4 Kg8 24. Rf6 Re8 25. Bxc6 Bxc6 26. Rxe6 Rxe6 27.
Nxe6 Ba4 28. b3 Bd7 29. Nf4 d4 30. Nd5 Kf7 31. Bf4 Ke6 32. Bxe5 Kxe5 33. Ne7
Kf6 34. Nd5+ Ke5 35. Ne7 Kf6 36. Nd5+ Ke5 37. Ne7 1/2-1/2

[Event "PRO League Pacific"]
[Site "Chess.com INT"]
[Date "2017.01.11"]
[Round "1"]
[White "Harmon Vellotti, Luke"]
[Black "So, Wesley"]
[Result "0-1"]
[WhiteElo "2454"]
[BlackElo "2808"]
[PlyCount "146"]
[EventDate "2017.01.11"]
[EventType "team-swiss (rapid)"]
[EventRounds "7"]
[EventCountry "USA"]
[SourceTitle "CBM 176 Extra"]
[Source "ChessBase"]
[SourceDate "2017.03.02"]
[SourceVersion "1"]
[SourceVersionDate "2017.03.02"]
[SourceQuality "1"]
[WhiteTeam "Dallas Destiny"]
[BlackTeam "St Louis Arch Bishops"]
[WhiteTeamCountry "USA"]
[BlackTeamCountry "USA"]

1. e4 g6 2. d4 Bg7 3. Nc3 d6 4. Nf3 Nf6 5. Be2 O-O 6. O-O Nc6 7. h3 e5 8. Be3
Re8 9. Bb5 exd4 10. Nxd4 Bd7 11. Nxc6 bxc6 12. Bd3 d5 13. exd5 Nxd5 14. Nxd5
cxd5 15. c3 Rb8 16. Qd2 a5 17. Bg5 Qc8 18. Rfe1 Qb7 19. Rxe8+ Rxe8 20. Bf1 c5
21. Re1 Rxe1 22. Qxe1 h6 23. Bc1 a4 24. Qe7 Qc6 25. Qd8+ Kh7 26. c4 d4 27. b3
Bf5 28. Qe7 axb3 29. axb3 Be6 30. Qa7 Qd6 31. Bd3 Qe5 32. Bd2 Bf5 33. Bf1 Be6
34. Bd3 Qh5 35. Qa1 Bf5 36. Bf1 Bc2 37. b4 cxb4 38. Bxb4 Be4 39. Qe1 Qf5 40.
Bd2 h5 41. f3 Bc6 42. Qe7 Qc2 43. Bf4 Qf5 44. Qg5 Qe6 45. Bd3 Kg8 46. Qd8+ Kh7
47. Qg5 f5 48. Kh2 Qf6 49. Qg3 Qe7 50. Qf2 Bf6 51. Qc2 h4 52. Qf2 Kg7 53. Bd2
Be5+ 54. Kg1 Qa3 55. Qe2 Qd6 56. Bg5 Bf6 57. Bxf6+ Kxf6 58. Kf1 Qf4 59. Qf2 Ke5
60. Qe1+ Qe3 61. Qa5+ Ke6 62. Qa3 Kf7 63. c5 Kf6 64. Qb3 Kg5 65. Bc2 Kf4 66.
Qxe3+ Kxe3 67. Ke1 d3 68. Bb3 d2+ 69. Kd1 Bb5 70. Kc2 f4 71. Kc3 g5 72. Kb4 Be8
73. Ka5 Kf2 0-1

[Event "PRO League Pacific"]
[Site "Chess.com INT"]
[Date "2017.01.11"]
[Round "1"]
[White "So, Wesley"]
[Black "Holt, Conrad"]
[Result "1-0"]
[WhiteElo "2808"]
[BlackElo "2567"]
[PlyCount "147"]
[EventDate "2017.01.11"]
[EventType "team-swiss (rapid)"]
[EventRounds "7"]
[EventCountry "USA"]
[SourceTitle "CBM 176 Extra"]
[Source "ChessBase"]
[SourceDate "2017.03.02"]
[SourceVersion "1"]
[SourceVersionDate "2017.03.02"]
[SourceQuality "1"]
[WhiteTeam "St Louis Arch Bishops"]
[BlackTeam "Dallas Destiny"]
[WhiteTeamCountry "USA"]
[BlackTeamCountry "USA"]

1. e4 e6 2. d4 d5 3. Nc3 Nf6 4. e5 Nfd7 5. f4 c5 6. Nf3 Nc6 7. Be3 cxd4 8. Nxd4
Bc5 9. Qd2 O-O 10. O-O-O a6 11. Qf2 Bxd4 12. Bxd4 b5 13. Be3 Qa5 14. Kb1 b4 15.
Ne2 Qc7 16. Nd4 Nxd4 17. Bxd4 a5 18. Bb5 a4 19. b3 Ba6 20. Bxa4 Rfc8 21. f5
exf5 22. Qxf5 Nf8 23. Bb2 Bc4 24. bxc4 Rxa4 25. cxd5 Qc4 26. Rhf1 Ra7 27. Kc1
Rac7 28. d6 Rd7 29. Kb1 Ra8 30. Rd3 Qxa2+ 31. Kc1 Ne6 32. Rh3 g6 33. Qe4 Rc8
34. Qxb4 Qa6 35. Rff3 Rb7 36. Qd2 Qa2 37. Rb3 Rxb3 38. Rxb3 Qxb3 39. d7 Qb8 40.
dxc8=Q+ Qxc8 41. Bc3 h5 42. Qe3 Qc6 43. Qf3 Qc5 44. Kd2 Kg7 45. h3 Kg8 46. Ke2
Qg1 47. Kd3 Qb1 48. Kd2 Qg1 49. Qe4 Qf2+ 50. Kc1 Qf1+ 51. Kb2 Qb5+ 52. Bb4 Nc5
53. Qd4 Ne6 54. Qe4 Nc5 55. Qd4 Ne6 56. Qd6 Qb7 57. g3 Qf3 58. Qb8+ Kg7 59. Be7
Kh7 60. Bf6 Nf8 61. Qxf8 Qb7+ 62. Kc3 Qf3+ 63. Kd4 Qf2+ 64. Kc3 Qf3+ 65. Kc4
Qe4+ 66. Kb3 Qd5+ 67. c4 Qd3+ 68. Kb4 Qd2+ 69. Kb5 Qb2+ 70. Qb4 Qd4 71. c5 Qd5
72. Kb6 Qe6+ 73. c6 Qxh3 74. Qf8 1-0

[Event "PRO League Pacific"]
[Site "Chess.com INT"]
[Date "2017.01.11"]
[Round "1"]
[White "So, Wesley"]
[Black "Javakhadze, Zurab"]
[Result "1-0"]
[WhiteElo "2808"]
[BlackElo "2468"]
[PlyCount "111"]
[EventDate "2017.01.11"]
[EventType "team-swiss (rapid)"]
[EventRounds "7"]
[EventCountry "USA"]
[SourceTitle "CBM 176 Extra"]
[Source "ChessBase"]
[SourceDate "2017.03.02"]
[SourceVersion "1"]
[SourceVersionDate "2017.03.02"]
[SourceQuality "1"]
[WhiteTeam "St Louis Arch Bishops"]
[BlackTeam "Dallas Destiny"]
[WhiteTeamCountry "USA"]
[BlackTeamCountry "USA"]

1. e4 c5 2. Nf3 d6 3. d4 cxd4 4. Nxd4 Nf6 5. Nc3 g6 6. Be3 Bg7 7. f3 a6 8. Bc4
Nbd7 9. Qd2 b5 10. Bb3 Bb7 11. Bh6 Bxh6 12. Qxh6 Rc8 13. O-O-O Rxc3 14. bxc3
Qc7 15. Kb2 Ne5 16. Rhe1 Qc5 17. Re3 Kd7 18. Qh3+ Kc7 19. Bxf7 Kb8 20. Bb3 Rc8
21. Qg3 Nfd7 22. f4 Nc4+ 23. Bxc4 Qxc4 24. Nb3 Nb6 25. Rd4 Qc7 26. Kc1 e5 27.
fxe5 dxe5 28. Rb4 Nc4 29. Re1 Na3 30. Nd2 Rd8 31. Rb3 Qd6 32. Qf2 Bc8 33. Kb2
Qxd2 34. Qb6+ Bb7 35. Rxa3 Rc8 36. Qe3 Qxg2 37. Re2 Qg4 38. Rf2 Qe6 39. Rb3 Qc4
40. Rb4 Qc6 41. a4 bxa4 42. Rf7 Rc7 43. Rf8+ Rc8 44. Rxc8+ Kxc8 45. Qh3+ Kb8
46. Qxh7 a3+ 47. Ka2 a5 48. Rb3 a4 49. Qxb7+ Qxb7 50. Rxb7+ Kxb7 51. Kxa3 Kb6
52. Kxa4 Kc5 53. Kb3 Kb5 54. c4+ Kc5 55. Kc3 g5 56. h3 1-0

[Event "PRO League Pacific"]
[Site "Chess.com INT"]
[Date "2017.02.01"]
[Round "4"]
[White "Zavortink, Matt B"]
[Black "So, Wesley"]
[Result "0-1"]
[WhiteElo "1979"]
[BlackElo "2808"]
[PlyCount "52"]
[EventDate "2017.01.11"]
[EventType "team-swiss (rapid)"]
[EventRounds "7"]
[EventCountry "USA"]
[SourceTitle "CBM 176 Extra"]
[Source "ChessBase"]
[SourceDate "2017.03.02"]
[SourceVersion "1"]
[SourceVersionDate "2017.03.02"]
[SourceQuality "1"]
[WhiteTeam "Portland Rain"]
[BlackTeam "St Louis Arch Bishops"]
[WhiteTeamCountry "USA"]
[BlackTeamCountry "USA"]

1. d4 Nf6 2. Bf4 e6 3. e3 d5 4. Nf3 c5 5. c3 Nc6 6. Nbd2 cxd4 7. exd4 Nh5 8.
Be3 Bd6 9. Ne5 g6 10. Ndf3 O-O 11. Be2 f6 12. Nxc6 bxc6 13. Qd2 e5 14. O-O e4
15. Ne1 Ng7 16. f3 Qc7 17. f4 Nf5 18. Nc2 a5 19. c4 Ba6 20. c5 Be7 21. b4 Bxe2
22. Qxe2 axb4 23. Nxb4 Ra3 24. Nc2 Rc3 25. a4 Rxc2 26. Qxc2 Nxe3 0-1

[Event "PRO League Stage"]
[Site "Chess.com INT"]
[Date "2017.02.11"]
[Round "5"]
[White "Degraeve, Remy"]
[Black "So, Wesley"]
[Result "0-1"]
[WhiteElo "2019"]
[BlackElo "2808"]
[PlyCount "44"]
[EventDate "2017.01.11"]
[EventType "team-swiss (rapid)"]
[EventRounds "7"]
[EventCountry "USA"]
[SourceTitle "CBM 176 Extra"]
[Source "ChessBase"]
[SourceDate "2017.03.02"]
[SourceVersion "1"]
[SourceVersionDate "2017.03.02"]
[SourceQuality "1"]
[WhiteTeam "Marseille Migraines"]
[BlackTeam "St Louis Arch Bishops"]
[WhiteTeamCountry "FRA"]
[BlackTeamCountry "USA"]

1. e4 c5 2. Nc3 Nc6 3. f4 g6 4. Nf3 Bg7 5. Bc4 e6 6. f5 gxf5 7. exf5 d5 8. Bb5
e5 9. O-O Nge7 10. Nh4 Bf6 11. Qh5 a6 12. Bxc6+ Nxc6 13. Nf3 e4 14. Ne1 Rg8 15.
Ne2 Rg5 16. Qxh7 Nd4 17. Nxd4 Bxd4+ 18. Kh1 Qf6 19. c3 Rxf5 20. Rxf5 Bxf5 21.
Qg8+ Ke7 22. Qxa8 Bd7 0-1

[Event "PRO League Stage"]
[Site "Chess.com INT"]
[Date "2017.02.11"]
[Round "5"]
[White "So, Wesley"]
[Black "Vachier Lagrave, Maxime"]
[Result "1-0"]
[WhiteElo "2808"]
[BlackElo "2796"]
[PlyCount "64"]
[EventDate "2017.01.11"]
[EventType "team-swiss (rapid)"]
[EventRounds "7"]
[EventCountry "USA"]
[SourceTitle "CBM 176 Extra"]
[Source "ChessBase"]
[SourceDate "2017.03.02"]
[SourceVersion "1"]
[SourceVersionDate "2017.03.02"]
[SourceQuality "1"]
[WhiteTeam "St Louis Arch Bishops"]
[BlackTeam "Marseille Migraines"]
[WhiteTeamCountry "USA"]
[BlackTeamCountry "FRA"]

1. d4 Nf6 2. Nf3 g6 3. Nbd2 d5 4. e3 Bg7 5. b4 O-O 6. Bb2 Bf5 7. Be2 Nbd7 8.
O-O c6 9. a4 Ne4 10. c4 Re8 11. cxd5 cxd5 12. Nxe4 Bxe4 13. Qb3 Rc8 14. Rac1
Nf6 15. Ne5 Bf5 16. f3 h5 17. Rxc8 Qxc8 18. Rc1 Qb8 19. b5 Rc8 20. Rxc8+ Qxc8
21. Qc3 Qxc3 22. Bxc3 Ne8 23. Bb4 f6 24. Nd3 Bxd3 25. Bxd3 Kf7 26. a5 b6 27.
axb6 axb6 28. Bc5 bxc5 29. b6 Bh6 30. f4 c4 31. Bxg6+ Kxg6 32. b7 f5 1-0

[Event "PRO League Stage"]
[Site "Chess.com INT"]
[Date "2017.02.15"]
[Round "6"]
[White "Sheng, Joshua"]
[Black "So, Wesley"]
[Result "0-1"]
[WhiteElo "2372"]
[BlackElo "2808"]
[PlyCount "109"]
[EventDate "2017.01.11"]
[EventType "team-swiss (rapid)"]
[EventRounds "7"]
[EventCountry "USA"]
[SourceTitle "CBM 176 Extra"]
[Source "ChessBase"]
[SourceDate "2017.03.02"]
[SourceVersion "1"]
[SourceVersionDate "2017.03.02"]
[SourceQuality "1"]
[WhiteTeam "San Diego Surfers"]
[BlackTeam "St Louis Arch Bishops"]
[WhiteTeamCountry "USA"]
[BlackTeamCountry "USA"]

1. e4 e5 2. Nf3 Nc6 3. Nc3 Nf6 4. Bb5 Nd4 5. O-O Nxb5 6. Nxb5 c6 7. Nc3 d6 8.
d4 Qc7 9. h3 Be7 10. Bg5 O-O 11. a4 a5 12. Qd3 Re8 13. Rfd1 h6 14. Bxf6 Bxf6
15. d5 Be7 16. Nd2 Bd7 17. Nc4 Red8 18. Ne3 Bf8 19. Rd2 Rac8 20. Rad1 g6 21.
Kh1 h5 22. b3 Be8 23. Qe2 Qb6 24. Rd3 Qc5 25. dxc6 bxc6 26. Nc4 f6 27. Qe3 Qxe3
28. fxe3 Kf7 29. Nxa5 Rb8 30. Nc4 Ke6 31. g4 Rb7 32. Kg2 g5 33. a5 Bg6 34. R3d2
Be7 35. Kf3 Rbd7 36. Nb6 Ra7 37. b4 Rb8 38. Na2 Rh8 39. Kg3 Bxe4 40. c4 hxg4
41. hxg4 f5 42. gxf5+ Bxf5 43. Rh2 Rxh2 44. Kxh2 Bf6 45. Nc3 Rh7+ 46. Kg2 e4
47. Ne2 Bg4 48. Nd4+ Bxd4 49. Rxd4 Bf3+ 50. Kg3 g4 51. a6 Ke5 52. b5 Rh3+ 53.
Kf2 g3+ 54. Ke1 g2 55. a7 0-1

[Event "PRO League Stage"]
[Site "Chess.com INT"]
[Date "2017.02.15"]
[Round "6"]
[White "So, Wesley"]
[Black "Khachiyan, Melikset"]
[Result "1/2-1/2"]
[WhiteElo "2808"]
[BlackElo "2530"]
[PlyCount "112"]
[EventDate "2017.01.11"]
[EventType "team-swiss (rapid)"]
[EventRounds "7"]
[EventCountry "USA"]
[SourceTitle "CBM 176 Extra"]
[Source "ChessBase"]
[SourceDate "2017.03.02"]
[SourceVersion "1"]
[SourceVersionDate "2017.03.02"]
[SourceQuality "1"]
[WhiteTeam "St Louis Arch Bishops"]
[BlackTeam "San Diego Surfers"]
[WhiteTeamCountry "USA"]
[BlackTeamCountry "USA"]

1. e4 d6 2. d4 Nf6 3. Nc3 e5 4. dxe5 dxe5 5. Qxd8+ Kxd8 6. Bg5 Be6 7. O-O-O+
Kc8 8. f4 exf4 9. Nf3 Bc5 10. Nd4 Bg4 11. Rd3 Rd8 12. Nb3 Be3+ 13. Kb1 Nbd7 14.
h3 Bh5 15. Nd5 Nxd5 16. Rxd5 c6 17. Ra5 f6 18. Bxf4 Bxf4 19. Rxh5 g6 20. Ra5
Nc5 21. Be2 Nxe4 22. Bf3 Nd2+ 23. Nxd2 Rxd2 24. Ra4 Be5 25. Rh4 h5 26. Rd1
Rxd1+ 27. Bxd1 Kc7 28. Re4 Rd8 29. Bf3 Rd2 30. c3 a5 31. a4 Kd6 32. Kc1 Rf2 33.
Re2 Rf1+ 34. Kc2 Ra1 35. Rd2+ Kc7 36. Kb3 Rf1 37. Re2 h4 38. Be4 g5 39. Bf3 b5
40. axb5 cxb5 41. Rd2 Kb6 42. Kc2 a4 43. Be2 Rf2 44. Bd1 Rf4 45. Kb1 a3 46.
bxa3 Bxc3 47. Rd3 Be5 48. Rf3 Rd4 49. Kc2 Rc4+ 50. Kb1 Kc5 51. Rb3 Rc3 52.
Rxc3+ Bxc3 53. Kc2 Be5 54. Be2 Bd6 55. Kb3 Bf4 56. Bd3 Bd6 1/2-1/2